000 00823na a2200241 4500
001 18574
003 MIRAKIL
005 20181213155039.0
008 161122b tu 000 0
040 _aMilas
_btur
_cTR-AnCHP
041 _atur
082 _a341.242
_bA86 1972
090 _a341.242 A86 1972
110 _aAvrupa Konseyi
245 _aAvrupa Konseyi
_bTeşkilatı, amaçları, çalışmaları
_cAvrupa Konseyi Basın ve Enformasyon Müdürlüğü
246 _aTeşkilatı, amaçları, çalışmaları
260 _aMorstadt
_bAvrupa Konseyi Basın ve Enformasyon Müdürlüğü
_c1972
300 _a56 s.
_bfotğ.
_c24 sm.
610 _aAvrupa Konseyi
_xÇalışmalar
610 _aAvrupa Konseyi
_xTeşkilat yapısı
710 _aAvrupa Konseyi Basın ve Enformasyon Müdürlüğü
942 _2ddc
_cBKS
999 _c5538
_d5538